La república de villa mitre /
Guardado en:
| Autor Principal: | |
|---|---|
| Otros Autores: | , , , |
| Formato: | Libro |
| Publicado: |
Bahía Blanca :
Ediuns,
2011
|
| Series: | Colección Cuadernos de Historias del Sur Bonaerense No. 2
|
| Materias: | |
| Etiquetas: |
Agregar Etiqueta
Sin Etiquetas, Sea el primero en etiquetar este registro!
|
| LEADER | 01098nam a22002775a 4500 | ||
|---|---|---|---|
| 001 | CEM.cems017725 | ||
| 005 | 20111026105505.0 | ||
| 008 | 130507s2011##################000#0#####d | ||
| 003 | CEMS | ||
| 020 | |a 9789871620432 | ||
| 082 | 0 | 4 | |a 982.1 |
| 100 | 1 | |a Ortiz, Mario | |
| 245 | 1 | 0 | |a La república de villa mitre / |c Mario Ortiz ; coordinadores de La Colección Raúl Menghini, Fabiana Tolcachier, Diana Ribas y Alejandra Pupio |
| 260 | |a Bahía Blanca : |b Ediuns, |c 2011 | ||
| 300 | |a 123 p. | ||
| 490 | 0 | |a Colección Cuadernos de Historias del Sur Bonaerense No. 2 | |
| 505 | 0 | |a Las callecitas de Villa Mitre tienen ese "No sé qué" -- Los monumentos de la plaza de Villa Mitre: operaciones de construcción de la memoria histórica -- Prouesta de actividades | |
| 653 | |a Villa mitre-historia | ||
| 653 | |a Villa mitre-barrio bahía blanca | ||
| 653 | |a Bahía blanca-historia | ||
| 653 | |a Historia regional | ||
| 700 | 1 | |a Menghini, Raúl | |
| 700 | 1 | |a Tolcachier, Fabiana | |
| 700 | 1 | |a Ribas, Diana | |
| 700 | 1 | |a Pupio, Alejandra | |
| 859 | |a CEMS |b BIB. CEMS - Agricultura |h 982.1 |i Or8 |p A1468.11 |t Ej.1 | ||
